Score 0/20 Timer 06:00
0 Plays Today
% Correct
The Lord of the Rings
81.4%
Murder on the Orient Express
78.2%
Pride and Prejudice
77.2%
The Hunger Games
77%
Adventures of Huckleberry Finn
75.5%
Gone with the Wind
75%
Lord of the Flies
74.4%
Fahrenheit 451
73.2%
Animal Farm
72.7%
Kite Runner
71.8%
% Correct
The Fault in Our Stars
68.6%
Great Expectations
59.5%
The Da Vinci Code
57.9%
Gone Girl
56.7%
Harry Potter and the Sorcerer's Stone
54.8%
A Clockwork Orange
54.8%
The Scarlet Letter
54.8%
Divergent
53.2%
Catch-22
37.4%
The Catcher in the Rye
32.7%
Remove Ads.
Support Sporcle.
Get the best of Sporcle when you Go Orange. This ad-free experience offers more features, more stats, and more fun while also helping to support Sporcle. Thank you for becoming a member.

You're not logged in!

Compare scores with friends on all Sporcle quizzes.
OR
Log In

Sporcle TV

Today on Sporcle TV


Watch our educational content, quiz creation guides, and fun videos on Sporcle TV.

Show Comments

Extras

Top Quizzes Today


Score Distribution

Paid Content

Your Account Isn't Verified!

In order to create a playlist on Sporcle, you need to verify the email address you used during registration. Go to your Sporcle Settings to finish the process.

Report this User

Report this user for behavior that violates our Community Guidelines.

Details: